logo

Bir Sreshtho Munshi Abdur Rouf Library
Jhenaidah Cadet College

বিশ্বনবীর সাহাবী / (Record no. 12255)

MARC details
000 -LEADER
fixed length control field 00808nam a2200241 a 4500
001 - CONTROL NUMBER
JCCL Control Number 12255
003 - CONTROL NUMBER IDENTIFIER
JCCL marc code BD-JhCC
005 - DATE AND TIME OF LATEST TRANSACTION
control field 20220817134023.0
008 - FIXED-LENGTH DATA ELEMENTS--GENERAL INFORMATION
fixed length control field 210901b19892011bg |||| ||a| 001 0 Ben d
035 ## - SYSTEM CONTROL NUMBER
system control number (BD-JhCC)12255
040 ## - CATALOGING SOURCE
Original cataloging agency BD-JhCC
Modifying agency BD-JhCC
041 ## - LANGUAGE CODE
Language code of Book Bengali
082 ## - DEWEY DECIMAL CLASSIFICATION NUMBER
Classification number 297.64
Author mark and Year HAS 2011
100 ## - MAIN ENTRY--PERSONAL NAME
Personal name হাশেমী,তালিবুল
245 ## - TITLE STATEMENT
Title বিশ্বনবীর সাহাবী /
Statement of responsibility, etc তালিবুল হাশেমী,অনুঃ আবদুল কাদের ।
260 ## - PUBLICATION, DISTRIBUTION, ETC. (IMPRINT)
Place of publication, distribution, etc ঢাকা:
Name of publisher, distributor, etc আধুনিক প্রকাশনী;
Date of publication, distribution, etc ২০১১.
300 ## - PHYSICAL DESCRIPTION
Pagination 358 p. :
Dimensions 22 cm.
600 ## - SUBJECT ADDED ENTRY--PERSONAL NAME
Personal name Muhammad,Prophet,Companions
Dates associated with a name 632
650 ## - SUBJECT ADDED ENTRY--TOPICAL TERM
Topical term or geographic name as entry element Islam, History
700 ## - ADDED ENTRY--PERSONAL NAME
Personal name কাদের,আবদুল
942 ## - ADDED ENTRY ELEMENTS (KOHA)
Source of classification or shelving scheme Dewey Decimal Classification
Koha item type Books
Koha issues (borrowed), all copies 1
Holdings
Source of classification or shelving scheme volume number Damaged status Not for loan Home library Current library Shelving location Date of accession Cost, normal purchase price Total Checkouts Full call number Barcode Date last seen Date checked out Copy number Koha item type
Dewey Decimal Classification V-1     JCC Rouf Library JCC Rouf Library General Stacks 09/01/2021 176.00 1 297.64 HAS 2011 16785 08/25/2022 08/16/2022 C-1 Books
Dewey Decimal Classification V-2     JCC Rouf Library JCC Rouf Library General Stacks 09/01/2021 106.00   297.64 HAS 2009 16786 09/01/2021   C-1 Books
Dewey Decimal Classification V-3     JCC Rouf Library JCC Rouf Library General Stacks 09/01/2021 154.00   297.64 HAS 2009 16787 09/01/2021   C-1 Books
Dewey Decimal Classification V-4     JCC Rouf Library JCC Rouf Library General Stacks 09/01/2021 163.00   297.64 HAS 2009 16788 09/01/2021   C-1 Books
Dewey Decimal Classification V-5     JCC Rouf Library JCC Rouf Library General Stacks 09/01/2021 76.00   297.64 HAS 2003 16789 09/01/2021   C-1 Books
Dewey Decimal Classification V-6     JCC Rouf Library JCC Rouf Library General Stacks 09/01/2021 97.00   297.64 HAS 1997 16790 09/01/2021   C-1 Books

JCC Library | Contacts | JCC Home

Last Update on 23 September 2017
Copyright @ 2017-2020 JCC Rouf Library
Rouf Library, Jhenidah Cadet College (JCC), Bangladesh